[Event "TCh-CHN Division A 2014"]
[Site "Jiangmen CHN"]
[Date "2014.12.07"]
[Round "20.4"]
[Board "4"]
[White "Li, Yunshan"]
[Black "Xiao, Yiyi"]
[Result "0-1"]
[WhiteTitle "WFM"]
[BlackTitle "WFM"]
[WhiteElo "1951"]
[BlackElo "2248"]
[WhiteTeam "Chengdu"]
[BlackTeam "Shandong"]
[WhiteFideId "8607664"]
[BlackFideId "8606161"]
[EventDate "2014.04.12"]

1. d4 Nf6 2. c4 g6 3. Nc3 Bg7 4. e4 d6 5. Nf3 O-O 6. h3 Na6 7. Be3 e5 8. d5 Nh5
9. g3 Qe8 10. Be2 f5 11. exf5 gxf5 12. Nh4 Nf6 13. Qc2 c6 14. Rd1 cxd5 15. cxd5
Bd7 16. a3 Rc8 17. Qd2 Nc5 18. Bxc5 Rxc5 19. Bf3 e4 20. Bg2 f4 21. Qxf4 Nxd5 22.
Qxd6 Nxc3 23. bxc3 Bxc3+ 24. Kf1 Bb5+ 25. Kg1 b6 26. g4 e3 27. Bd5+ Kh8 28. Nf3
e2 29. Rc1 Be5 30. Qh6 Bf4 0-1

[Event "TCh-CHN Division A 2014"]
[Site "Jiangmen CHN"]
[Date "2014.12.07"]
[Round "20.4"]
[Board "5"]
[White "Ren, Xiaoyi"]
[Black "Sun, Fanghui"]
[Result "1-0"]
[WhiteElo "2130"]
[BlackElo "2077"]
[WhiteTeam "Chengdu"]
[BlackTeam "Shandong"]
[WhiteFideId "8608709"]
[BlackFideId "8604150"]
[EventDate "2014.04.12"]

1. Nf3 Nf6 2. g3 d5 3. d4 e6 4. Bg2 c5 5. O-O cxd4 6. Nxd4 Be7 7. c4 O-O 8. cxd5
Nxd5 9. e4 Nb4 10. Nc3 e5 11. Nf5 Bxf5 12. exf5 N8c6 13. Be3 Qxd1 14. Raxd1 Rfd8
15. Be4 Na6 16. Nd5 Bc5 17. f6 Bxe3 18. fxe3 Nc5 19. Bc2 g6 20. b4 Ne6 21. Be4
Kf8 22. h4 Rd7 23. Kf2 Rc8 24. a3 Nc7 25. Nxc7 Rcxc7 26. g4 h6 27. g5 hxg5 28.
Bxc6 bxc6 29. hxg5 Ke8 30. Kf3 c5 31. Rc1 cxb4 32. Rh1 1-0

[Event "TCh-CHN Division A 2014"]
[Site "Jiangmen CHN"]
[Date "2014.12.07"]
[Round "20.5"]
[Board "1"]
[White "Ma, Zhonghan"]
[Black "Malakhov, Vladimir"]
[Result "1/2-1/2"]
[BlackTitle "GM"]
[WhiteElo "2471"]
[BlackElo "2708"]
[WhiteTeam "Qingdao Experimental School"]
[BlackTeam "Tianjing"]
[WhiteFideId "8607206"]
[BlackFideId "4120787"]
[EventDate "2014.04.12"]

1. d4 g6 2. Nf3 Bg7 3. g3 c5 4. d5 d6 5. Bg2 b5 6. e4 Nd7 7. O-O Ngf6 8. Re1 O-O
9. Nbd2 Bb7 10. Nf1 a5 11. Bd2 Nb6 12. Qc1 Re8 13. Bh6 e6 14. Bxg7 Kxg7 15. dxe6
Rxe6 16. Ng5 Re7 17. f3 Qc7 18. Qd2 b4 19. Ne3 d5 20. exd5 Nbxd5 21. Nxd5 Rxe1+
22. Rxe1 Bxd5 23. a3 Rd8 24. Qe3 h6 25. Nh3 Bb7 26. Nf2 Re8 27. Qd2 Qd7 28. Qc1
Rxe1+ 29. Qxe1 Qd5 30. Qd1 Qe6 31. Qd2 Qa2 32. Qc1 Bc6 33. f4 Bxg2 34. Kxg2 Qd5+
35. Kg1 Qf3 36. axb4 cxb4 37. Qd2 Qd5 38. Nd3 Ng4 39. Qe2 Qd4+ 40. Kg2 h5 41. h3
Qd5+ 42. Kg1 Qd4+ 43. Kg2 Ne3+ 44. Kf3 Nf5 45. Qe5+ Qxe5 46. fxe5 Nd4+ 47. Ke4
Nxc2 48. Nc5 h4 49. gxh4 Kh6 50. Kd3 Ne1+ 51. Kc4 Nf3 52. e6 fxe6 53. Nxe6 Ne5+
54. Kb5 Nd3 55. Kxa5 Kh5 56. Nf8 Nxb2 57. Kxb4 Kxh4 58. Nxg6+ Kxh3 1/2-1/2

[Event "TCh-CHN Division A 2014"]
[Site "Jiangmen CHN"]
[Date "2014.12.07"]
[Round "20.5"]
[Board "2"]
[White "Cori, Jorge"]
[Black "Ma, Qun"]
[Result "1/2-1/2"]
[WhiteTitle "GM"]
[BlackTitle "GM"]
[WhiteElo "2609"]
[BlackElo "2621"]
[WhiteTeam "Qingdao Experimental School"]
[BlackTeam "Tianjing"]
[WhiteFideId "3802272"]
[BlackFideId "8603154"]
[EventDate "2014.04.12"]

1. d4 d5 2. c4 c6 3. Nf3 Nf6 4. e3 a6 5. Nc3 b5 6. cxd5 cxd5 7. Bd3 e6 8. O-O
Nbd7 9. b3 Bb7 10. Bb2 Bd6 11. a4 b4 12. Ne2 O-O 13. Rc1 a5 14. g3 Qb8 15. Nf4
Bxf4 16. exf4 Ba6 17. Ne5 Bxd3 18. Qxd3 Qb7 19. Rc2 Rfc8 20. Rfc1 Rxc2 21. Qxc2
Ne4 22. f3 Nd6 23. Qc6 Nxe5 24. dxe5 Qxc6 25. Rxc6 Nf5 26. Kf2 Kf8 27. Ke2 Ke8
28. Rc7 Ne7 29. Kd3 h5 30. g4 g6 31. Bd4 Rc8 32. Rxc8+ Nxc8 33. Ke3 Kd7 34. Bc5
Kc6 35. Kd4 Kd7 36. f5 Kc6 37. fxe6 fxe6 38. h3 Kd7 39. Ke3 Kc6 40. Kd4 Kd7 41.
gxh5 gxh5 42. Ke3 Ne7 43. Bxe7 Kxe7 44. Kd4 Kf7 45. Kc5 Kg6 46. Kb5 Kf5 47. Kxa5
d4 48. Kxb4 Kf4 49. a5 d3 50. a6 d2 51. a7 d1=Q 52. a8=Q Qd4+ 53. Kb5 Qxe5+ 54.
Kc4 Qe2+ 55. Kc5 Qe5+ 56. Kc4 Qe2+ 57. Kc5 Qe5+ 1/2-1/2

[Event "TCh-CHN Division A 2014"]
[Site "Jiangmen CHN"]
[Date "2014.12.07"]
[Round "20.5"]
[Board "4"]
[White "Ni, Shiqun"]
[Black "Gong, Qianyun"]
[Result "1/2-1/2"]
[WhiteTitle "WIM"]
[BlackTitle "WIM"]
[WhiteElo "2262"]
[BlackElo "2349"]
[WhiteTeam "Tianjing"]
[BlackTeam "Qingdao Experimental School"]
[WhiteFideId "8608466"]
[BlackFideId "8602425"]
[EventDate "2014.04.12"]

1. e4 c5 2. Nf3 g6 3. d4 cxd4 4. Nxd4 Nc6 5. c4 Nf6 6. Nc3 Nxd4 7. Qxd4 d6 8.
Be2 Bg7 9. O-O O-O 10. Bg5 a5 11. Rac1 a4 12. Qe3 Re8 13. h3 Be6 14. f4 Qa5 15.
Nb5 Bd7 16. Nc3 Be6 17. Nb5 Bd7 18. Nc3 Be6 19. Nb5 Bd7 20. Nc3 Be6 21. Nb5 Bd7
22. Nc3 Be6 23. Nb5 Bd7 24. Nc3 Be6 1/2-1/2

[Event "TCh-CHN Division A 2014"]
[Site "Jiangmen CHN"]
[Date "2014.12.07"]
[Round "20.5"]
[Board "5"]
[White "Khotenashvili, Bela"]
[Black "Lei, Tingjie"]
[Result "1-0"]
[WhiteTitle "GM"]
[BlackTitle "WGM"]
[WhiteElo "2504"]
[BlackElo "2421"]
[WhiteTeam "Tianjing"]
[BlackTeam "Qingdao Experimental School"]
[WhiteFideId "13602640"]
[BlackFideId "8605114"]
[EventDate "2014.04.12"]

1. d4 Nf6 2. Nf3 g6 3. Bg5 Bg7 4. Nbd2 O-O 5. c3 d6 6. e4 c5 7. dxc5 dxc5 8. Be2
Nc6 9. O-O Qc7 10. Re1 h6 11. Be3 b6 12. h3 Bb7 13. a4 Rfd8 14. Qc2 Na5 15. Bf1
Rac8 16. e5 Nd5 17. e6 f5 18. Nh4 Qd6 19. Nxg6 Qxe6 20. Nh4 Nxe3 21. Rxe3 Qf6
22. Nxf5 Rxd2 23. Qxd2 Qxf5 24. Rxe7 Bf6 25. Rxb7 Nxb7 26. Bc4+ Kf8 27. g4 Bg5
28. Qd1 Qf6 29. Qd5 Nd8 30. Qg8+ Ke7 31. Re1+ Kd6 32. Qh7 Nc6 33. Re6+ 1-0

[Event "TCh-CHN Division A 2014"]
[Site "Jiangmen CHN"]
[Date "2014.12.07"]
[Round "20.6"]
[Board "2"]
[White "Navara, David"]
[Black "Li, Shilong"]
[Result "1-0"]
[WhiteTitle "GM"]
[BlackTitle "GM"]
[WhiteElo "2727"]
[BlackElo "2495"]
[WhiteTeam "Jiangsu"]
[BlackTeam "Guangdong"]
[WhiteFideId "309095"]
[BlackFideId "8600678"]
[EventDate "2014.04.12"]

1. d4 Nf6 2. c4 g6 3. Nc3 Bg7 4. e4 d6 5. Nf3 O-O 6. h3 e5 7. d5 a5 8. Bg5 Na6
9. Nd2 Qe8 10. Be2 Nd7 11. a3 f6 12. Bh4 Nb6 13. b3 f5 14. O-O Bf6 15. Bxf6 Rxf6
16. Rb1 Nc5 17. b4 axb4 18. axb4 Nxe4 19. Ndxe4 fxe4 20. c5 dxc5 21. bxc5 Nd7
22. d6 c6 23. Nxe4 Rf4 24. Bc4+ Kg7 25. Re1 Ra5 26. Qd2 Ra4 27. Rb4 Ra7 28. Ng5
Rf6 29. f4 h6 30. fxe5 Nxe5 31. Nf7 Rxf7 32. Bxf7 Qxf7 33. Rf4 Bf5 34. Rxe5 Ra2
35. Qd4 1-0

[Event "TCh-CHN Division A 2014"]
[Site "Jiangmen CHN"]
[Date "2014.12.07"]
[Round "20.6"]
[Board "3"]
[White "Yu, Ruiyuan"]
[Black "Zeng, Chongsheng"]
[Result "1-0"]
[WhiteTitle "GM"]
[BlackTitle "GM"]
[WhiteElo "2552"]
[BlackElo "2540"]
[WhiteTeam "Jiangsu"]
[BlackTeam "Guangdong"]
[WhiteFideId "8603090"]
[BlackFideId "8603847"]
[EventDate "2014.04.12"]

1. e4 c6 2. d4 d5 3. Nc3 dxe4 4. Nxe4 Bf5 5. Ng3 Bg6 6. h4 h6 7. Nf3 Nd7 8. h5
Bh7 9. Bd3 Bxd3 10. Qxd3 e6 11. Bd2 Ngf6 12. O-O-O Be7 13. Qe2 Qb6 14. Ne5 Rd8
15. Rhe1 O-O 16. Ng6 Ba3 17. bxa3 fxg6 18. Qxe6+ Kh8 19. Bb4 Rfe8 20. Be7 Qa5
21. Qf7 gxh5 22. d5 Nxd5 23. Bb4 Rxe1 24. Bxa5 Rxd1+ 25. Kxd1 Ne5 26. Qxh5 1-0

[Event "TCh-CHN Division A 2014"]
[Site "Jiangmen CHN"]
[Date "2014.12.07"]
[Round "20.6"]
[Board "4"]
[White "Liu, Manli CHN"]
[Black "Shen, Yang"]
[Result "0-1"]
[BlackTitle "IM"]
[WhiteElo "1988"]
[BlackElo "2475"]
[WhiteTeam "Guangdong"]
[BlackTeam "Jiangsu"]
[WhiteFideId "8608121"]
[BlackFideId "8603162"]
[EventDate "2014.04.12"]

1. e4 e5 2. Nf3 Nc6 3. Bb5 a6 4. Ba4 Nge7 5. c3 g6 6. O-O Bg7 7. d4 b5 8. Bb3
exd4 9. cxd4 d6 10. Nc3 O-O 11. h3 Bb7 12. d5 Na5 13. Bc2 b4 14. Ne2 c5 15. dxc6
Naxc6 16. Ned4 Nxd4 17. Nxd4 d5 18. Nb3 Rc8 19. exd5 Bxd5 20. Re1 Re8 21. a3 Qc7
22. Be4 Red8 23. Qf3 Qc4 24. Bxd5 Nxd5 25. Re4 Qb5 26. a4 Qb8 27. Qe2 Re8 28. g3
Qa8 29. Rxe8+ Rxe8 30. Qd1 Qc6 31. Rb1 h5 32. h4 Qc4 33. Bg5 Re2 34. Rc1 Qe4 35.
Nd2 Qd3 36. Rc8+ Kh7 37. b3 Bd4 38. Qf1 Qxg3+ 0-1

[Event "TCh-CHN Division A 2014"]
[Site "Jiangmen CHN"]
[Date "2014.12.07"]
[Round "20.6"]
[Board "5"]
[White "Li, Xueyi"]
[Black "Guo, Qi"]
[Result "1/2-1/2"]
[BlackTitle "WGM"]
[WhiteElo "2193"]
[BlackElo "2458"]
[WhiteTeam "Guangdong"]
[BlackTeam "Jiangsu"]
[WhiteFideId "8605912"]
[BlackFideId "8604002"]
[EventDate "2014.04.12"]

1. d4 e6 2. c4 Nf6 3. Nc3 Bb4 4. Qc2 c5 5. dxc5 Na6 6. a3 Bxc3+ 7. Qxc3 Nxc5 8.
b4 Nce4 9. Qc2 d5 10. e3 dxc4 11. Bxc4 Bd7 12. Bb2 Rc8 13. Qd3 Ba4 14. Bb5+ Bxb5
15. Qxb5+ Qd7 16. Qxd7+ Kxd7 17. Ne2 Rc2 18. Bxf6 gxf6 19. f3 Nd6 20. Kf2 Rhc8
21. Rhd1 Ke7 22. a4 Rb2 23. Rab1 Ra2 24. Ra1 Rxa1 25. Rxa1 Rc2 26. Rd1 e5 27.
Kf1 Ke6 28. Rd3 Nc4 29. e4 Rb2 30. b5 Rb1+ 31. Kf2 Nb2 32. Rd8 Nxa4 33. Ng3 Rb2+
34. Kf1 Ke7 35. Rd3 Nc5 36. Nf5+ Ke8 37. Rd5 Rc2 38. Ng7+ Kf8 39. Nf5 Ne6 40. h4
Rc5 41. Rd7 Rc7 42. Rd6 Ke8 43. b6 axb6 44. Rxb6 Kd7 45. Ne3 Kc8 46. Nd5 Rc1+
47. Kf2 Rc2+ 48. Kg3 h6 49. Kh3 Rd2 50. Rb1 Kb8 51. g3 f5 52. exf5 Nd4 53. Kg4
Rd3 54. Nb4 Re3 55. Rf1 e4 56. fxe4 Ne2 57. Nd5 Rxe4+ 58. Nf4 Nxf4 59. Rxf4 Re3
60. Rc4 f6 61. Kf4 Re1 62. Kg4 Re3 63. Kh5 Rxg3 64. Kxh6 Ka7 65. Ra4+ Kb6 66.
Rc4 Rg1 67. Kh7 Ka5 68. h5 b5 69. Rc8 b4 70. h6 b3 71. Rb8 Ka4 72. Rb6 Rg4 73.
Kh8 Ka3 74. h7 b2 75. Ra6+ Kb3 76. Rb6+ Kc3 77. Rxb2 Kxb2 1/2-1/2

[Event "TCh-CHN Division A 2014"]
[Site "Jiangmen CHN"]
[Date "2014.12.08"]
[Round "21.1"]
[Board "1"]
[White "Navara, David"]
[Black "Yu, Yangyi"]
[Result "1/2-1/2"]
[WhiteTitle "GM"]
[BlackTitle "GM"]
[WhiteElo "2727"]
[BlackElo "2705"]
[WhiteTeam "Jiangsu"]
[BlackTeam "Beijing"]
[WhiteFideId "309095"]
[BlackFideId "8603820"]
[EventDate "2014.04.12"]

1. e4 c5 2. Nf3 e6 3. d4 cxd4 4. Nxd4 Nc6 5. Nc3 Nf6 6. Ndb5 d6 7. Bf4 e5 8. Bg5
a6 9. Na3 b5 10. Nd5 Be7 11. Bxf6 Bxf6 12. c3 Bg5 13. Nc2 Ne7 14. a4 bxa4 15.
Ncb4 O-O 16. Qxa4 a5 17. Bb5 Nxd5 18. Nxd5 Be6 19. Rd1 Qb8 20. O-O Kh8 21. Bc6
Ra7 22. Qb5 Qxb5 23. Bxb5 Rc8 24. c4 Rc5 25. b3 Bxd5 26. Rxd5 Rxd5 27. cxd5 Rb7
28. Bc4 Rb4 29. Ra1 Bd8 30. g3 Bb6 1/2-1/2

[Event "TCh-CHN Division A 2014"]
[Site "Jiangmen CHN"]
[Date "2014.12.08"]
[Round "21.1"]
[Board "3"]
[White "Yu, Ruiyuan"]
[Black "Wang, Hao"]
[Result "1/2-1/2"]
[WhiteTitle "GM"]
[BlackTitle "GM"]
[WhiteElo "2552"]
[BlackElo "2710"]
[WhiteTeam "Jiangsu"]
[BlackTeam "Beijing"]
[WhiteFideId "8603090"]
[BlackFideId "8602883"]
[EventDate "2014.04.12"]

1. e4 e5 2. Nf3 Nc6 3. d4 exd4 4. Nxd4 Nf6 5. Nxc6 bxc6 6. Bd3 d6 7. O-O g6 8.
Qf3 Nd7 9. Qg3 Bg7 10. Bg5 f6 11. Be3 Ne5 12. Nd2 O-O 13. Nc4 Nxd3 14. cxd3 Be6
15. Rac1 c5 16. d4 cxd4 17. Bxd4 a5 18. b3 Qd7 19. Rc2 Rfb8 20. f4 a4 21. f5
gxf5 22. exf5 Bxf5 23. Rcf2 Bg6 24. Bxf6 axb3 25. axb3 Rf8 26. h4 Bxf6 27. Rxf6
Rxf6 28. Rxf6 Rf8 29. Rxf8+ Kxf8 30. Qf4+ Ke8 31. Qe3+ Kf7 32. Qf3+ Kg7 33. h5
Bf5 34. Ne3 Be6 35. Nd5 Bxd5 36. Qxd5 Qg4 37. Qc6 Qd4+ 38. Kf1 Qf4+ 39. Ke1 Qe3+
40. Kf1 Qf4+ 41. Kg1 Qd4+ 42. Kf1 Qf6+ 43. Ke2 Qe7+ 44. Kd3 Kh6 45. Qd5 Qg5 46.
Kc4 Kxh5 47. b4 Qe5 48. Qxe5+ 1/2-1/2

[Event "TCh-CHN Division A 2014"]
[Site "Jiangmen CHN"]
[Date "2014.12.08"]
[Round "21.1"]
[Board "4"]
[White "Wang, Jue"]
[Black "Guo, Qi"]
[Result "1-0"]
[WhiteTitle "WGM"]
[BlackTitle "WGM"]
[WhiteElo "2353"]
[BlackElo "2458"]
[WhiteTeam "Beijing"]
[BlackTeam "Jiangsu"]
[WhiteFideId "8604070"]
[BlackFideId "8604002"]
[EventDate "2014.04.12"]

1. e4 c6 2. d4 d5 3. e5 Bf5 4. Nf3 e6 5. Be2 Ne7 6. O-O Bg6 7. Nbd2 Nf5 8. c3 c5
9. Nb3 c4 10. Nbd2 Nc6 11. a4 a6 12. b3 b5 13. axb5 axb5 14. Rxa8 Qxa8 15. bxc4
bxc4 16. g4 Nfe7 17. Nh4 h5 18. gxh5 Bh7 19. Bb2 Nc8 20. Kh1 Be7 21. Ng2 O-O 22.
h6 g6 23. Nf3 Qa2 24. Bc1 Nb6 25. Ne3 Na4 26. Bd2 Rb8 27. Qe1 Rb2 28. Bd1 Rb1
29. Ng4 Nb2 30. Qe2 Qa1 31. Ne3 Nxd1 32. Nxd1 Qa2 33. h4 g5 34. Nxg5 Bxg5 35.
Rg1 Kf8 36. hxg5 Bd3 37. h7 Bxh7 38. g6 1-0

[Event "TCh-CHN Division A 2014"]
[Site "Jiangmen CHN"]
[Date "2014.12.08"]
[Round "21.1"]
[Board "5"]
[White "Zhao, Xue"]
[Black "Shen, Yang"]
[Result "0-1"]
[WhiteTitle "GM"]
[BlackTitle "IM"]
[WhiteElo "2514"]
[BlackElo "2475"]
[WhiteTeam "Beijing"]
[BlackTeam "Jiangsu"]
[WhiteFideId "8601283"]
[BlackFideId "8603162"]
[EventDate "2014.04.12"]

1. d4 d5 2. c4 c6 3. Nf3 Nf6 4. e3 g6 5. Nc3 Bg7 6. Be2 O-O 7. O-O dxc4 8. Bxc4
Bg4 9. Be2 Nbd7 10. e4 Ne8 11. Bg5 Nb6 12. Qd2 Nc7 13. Rad1 Ne6 14. Be3 Bxf3 15.
Bxf3 Nc4 16. Qe2 Nxe3 17. fxe3 Qb6 18. Bg4 Nc7 19. Rf3 Qb4 20. a3 Qb3 21. e5
Rad8 22. e4 Qb6 23. Na4 Qa5 24. Qc2 Nb5 25. b4 Qc7 26. Rfd3 b6 27. g3 e6 28. Kg2
Rd7 29. Qc4 Rfd8 30. Nb2 Qb7 31. Bf3 Nc7 32. Rc1 c5 33. dxc5 bxc5 34. Rcd1 Rxd3
35. Rxd3 Rxd3 36. Nxd3 cxb4 37. axb4 Qa6 38. Qc2 h5 39. h4 Na8 40. g4 hxg4 41.
Bxg4 Nb6 42. h5 Nc4 43. Qf2 Nb6 44. Qc2 Nc4 45. Qf2 Qc6 46. Qd4 gxh5 47. Bxh5
Qc7 48. Qc5 Qxc5 49. Nxc5 Nxe5 50. b5 Bf8 51. Nb3 Kg7 52. Kf2 Kh6 53. Be2 Kg5
54. Ke3 Bd6 55. Bd1 Bc7 56. Bc2 Bb6+ 57. Ke2 Kf4 58. Nd2 Kg4 59. Nb3 Nc4 60. Nd2
Nd6 61. Bd3 Kf4 62. Nf3 Nxe4 63. Bxe4 Kxe4 64. Ng5+ Kf5 65. Nxf7 Bc7 0-1

[Event "TCh-CHN Division A 2014"]
[Site "Jiangmen CHN"]
[Date "2014.12.08"]
[Round "21.2"]
[Board "1"]
[White "Li, Shilong"]
[Black "Xu, Zhihang"]
[Result "1-0"]
[WhiteTitle "GM"]
[WhiteElo "2495"]
[BlackElo "2119"]
[WhiteTeam "Guangdong"]
[BlackTeam "Qingdao Experimental School"]
[WhiteFideId "8600678"]
[BlackFideId "8611572"]
[EventDate "2014.04.12"]

1. d4 d6 2. e4 Nf6 3. Nc3 Nbd7 4. f4 e5 5. Nf3 exd4 6. Qxd4 Nc5 7. Be3 Qe7 8. e5
dxe5 9. fxe5 Nfd7 10. Nd5 Ne6 11. Qc3 Qd8 12. Bg5 f6 13. exf6 gxf6 14. O-O-O Bg7
15. Qe3 Kf7 16. Bc4 1-0

[Event "TCh-CHN Division A 2014"]
[Site "Jiangmen CHN"]
[Date "2014.12.08"]
[Round "21.2"]
[Board "2"]
[White "Liu, Chang"]
[Black "Ma, Zhonghan"]
[Result "1/2-1/2"]
[WhiteElo "2368"]
[BlackElo "2471"]
[WhiteTeam "Guangdong"]
[BlackTeam "Qingdao Experimental School"]
[WhiteFideId "8606340"]
[BlackFideId "8607206"]
[EventDate "2014.04.12"]

1. e4 c5 2. Nf3 d6 3. Bb5+ Nd7 4. O-O Nf6 5. Nc3 g6 6. d3 Bg7 7. Bg5 a6 8. Bxd7+
Bxd7 9. e5 dxe5 10. Nxe5 O-O 11. Nxd7 Qxd7 12. Re1 Rfe8 13. Qf3 h6 14. Bf4 Rad8
15. Be5 Nd5 16. Bxg7 Kxg7 17. Nxd5 Qxd5 18. Qxd5 Rxd5 19. a4 b6 20. Re3 e6 21.
b3 Red8 22. g3 Kf6 23. Kg2 Re5 24. Kf3 g5 25. h3 Red5 26. Rae1 Rd4 27. Re4 Rxe4
28. Rxe4 Ke7 29. Re1 Rd4 30. Re4 f5 1/2-1/2

[Event "TCh-CHN Division A 2014"]
[Site "Jiangmen CHN"]
[Date "2014.12.08"]
[Round "21.2"]
[Board "3"]
[White "Zeng, Chongsheng"]
[Black "Cori, Jorge"]
[Result "1/2-1/2"]
[WhiteTitle "GM"]
[BlackTitle "GM"]
[WhiteElo "2540"]
[BlackElo "2609"]
[WhiteTeam "Guangdong"]
[BlackTeam "Qingdao Experimental School"]
[WhiteFideId "8603847"]
[BlackFideId "3802272"]
[EventDate "2014.04.12"]

1. d4 Nf6 2. c4 g6 3. Nc3 Bg7 4. e4 d6 5. Bd3 O-O 6. Nge2 Nc6 7. O-O e5 8. d5
Ne7 9. f3 Nd7 10. Kh1 f5 11. exf5 gxf5 12. Bg5 Nf6 13. Qd2 Bd7 14. Rae1 Kh8 15.
Bc2 Qe8 16. a4 a6 17. b4 Qh5 18. Ng3 Qf7 19. c5 Rae8 20. b5 Nexd5 21. Bb3 Be6
22. Nxf5 Nxc3 23. Bxe6 Rxe6 24. Nxg7 Nfe4 25. Qc1 Ng3+ 26. hxg3 Qxg7 27. Bh4
Nxa4 28. cxd6 cxd6 29. f4 Nc5 30. fxe5 Rxf1+ 31. Rxf1 Qxe5 32. bxa6 bxa6 33. Qb1
Kg8 34. Kh2 Re8 35. Rf5 Qd4 36. Qa2+ Ne6 37. Rd5 Qb6 38. Rg5+ Kf8 39. Rf5+ Kg8
40. Rg5+ Kf8 41. Rf5+ Kg8 42. Qd5 Qc5 43. Qe4 Ng7 44. Rxc5 Rxe4 45. Ra5 Kf7 46.
Rxa6 Nf5 47. Bg5 h5 48. Bf4 Kg6 49. Kg1 Re6 50. Kf2 Re8 51. Rb6 Re6 52. Kf3 Nd4+
53. Kf2 Nf5 54. Ra6 Re8 55. Rb6 Re6 1/2-1/2

[Event "TCh-CHN Division A 2014"]
[Site "Jiangmen CHN"]
[Date "2014.12.08"]
[Round "21.2"]
[Board "4"]
[White "Gong, Qianyun"]
[Black "Li, Xueyi"]
[Result "0-1"]
[WhiteTitle "WIM"]
[WhiteElo "2349"]
[BlackElo "2193"]
[WhiteTeam "Qingdao Experimental School"]
[BlackTeam "Guangdong"]
[WhiteFideId "8602425"]
[BlackFideId "8605912"]
[EventDate "2014.04.12"]

1. e4 c5 2. b3 Nc6 3. Bb2 e5 4. Bc4 d6 5. Nc3 Nf6 6. Nge2 Be7 7. O-O O-O 8. d3
a6 9. a4 Rb8 10. f4 Nd4 11. a5 Nc6 12. Nd5 Nxd5 13. Bxd5 Nd4 14. f5 Bg5 15. Ng3
Bd7 16. c3 Nb5 17. Qf3 Bc6 18. Nh5 Bxd5 19. exd5 f6 20. Ng3 Nc7 21. d4 cxd4 22.
cxd4 Nb5 23. Ne4 Nxd4 24. Qd3 Nb5 25. g3 Rc8 26. h4 Bh6 27. Nf2 Qc7 28. Ng4 Qc2
29. Nxh6+ gxh6 30. Qxc2 Rxc2 31. Rf2 Rfc8 32. Raf1 h5 33. Kg2 Kf7 34. Kf3 Rxf2+
35. Rxf2 Rc5 36. Rd2 Ke7 37. Ke4 Nc3+ 38. Kd3 Nxd5 39. Ba3 Rxa5 0-1

[Event "TCh-CHN Division A 2014"]
[Site "Jiangmen CHN"]
[Date "2014.12.08"]
[Round "21.2"]
[Board "5"]
[White "Lei, Tingjie"]
[Black "Liu, Manli CHN"]
[Result "1-0"]
[WhiteTitle "WGM"]
[WhiteElo "2421"]
[BlackElo "1988"]
[WhiteTeam "Qingdao Experimental School"]
[BlackTeam "Guangdong"]
[WhiteFideId "8605114"]
[BlackFideId "8608121"]
[EventDate "2014.04.12"]

1. d4 Nf6 2. c4 e6 3. Nc3 d5 4. cxd5 exd5 5. Bg5 Be7 6. e3 c6 7. Qc2 Nbd7 8. Bd3
O-O 9. Nge2 Re8 10. O-O Nf8 11. f3 Ng6 12. e4 dxe4 13. fxe4 Ng4 14. Bxe7 Rxe7
15. Qd2 Be6 16. h3 Nf6 17. e5 Nd5 18. Ne4 Qb6 19. Kh1 Rd8 20. a3 a5 21. Rac1 Nc7
22. Nc5 Bd5 23. Nc3 Bb3 24. Ne2 Bd5 25. Kh2 Ne6 26. Nxe6 Bxe6 27. Rf3 Red7 28.
Rg3 Kh8 29. Rc3 Rc8 30. Qc1 Qd8 31. Be4 Qb6 32. b3 Rcd8 33. Qg5 h6 34. Qh5 Ne7
35. Rxg7 Kxg7 36. Rg3+ Ng6 37. Bxg6 Kf8 38. Qxh6+ 1-0

[Event "TCh-CHN Division A 2014"]
[Site "Jiangmen CHN"]
[Date "2014.12.08"]
[Round "21.3"]
[Board "1"]
[White "Ma, Qun"]
[Black "Wen, Yang"]
[Result "0-1"]
[WhiteTitle "GM"]
[BlackTitle "GM"]
[WhiteElo "2621"]
[BlackElo "2586"]
[WhiteTeam "Tianjing"]
[BlackTeam "Shandong"]
[WhiteFideId "8603154"]
[BlackFideId "8602956"]
[EventDate "2014.04.12"]

1. d4 Nf6 2. c4 e6 3. Nc3 Bb4 4. f3 O-O 5. a3 Bxc3+ 6. bxc3 Nh5 7. Nh3 f5 8. Nf2
d6 9. e4 f4 10. Rb1 Nc6 11. Rb5 Qe8 12. Rg1 e5 13. g4 Nf6 14. d5 Nd8 15. Nd3 b6
16. Rb2 Nb7 17. Qb3 Nd7 18. Rgg2 Ndc5 19. Nxc5 Nxc5 20. Qd1 Bd7 21. Kf2 Ba4 22.
Qe2 Bb3 23. Kg1 Qa4 24. Rb1 Bd1 25. Qf2 Bb3 26. Qe2 Rac8 27. h4 c6 28. Qd2 Kh8
29. h5 a5 30. Qe2 Rb8 31. g5 Bd1 32. Qf2 Bb3 33. h6 g6 34. Qe2 Bd1 35. Qf2 Bb3
36. Qe2 b5 37. cxb5 cxb5 38. Qe1 Bc4 39. Rgb2 Bd3 40. Ra1 Qc4 41. Bh3 Nb3 42.
Raa2 b4 43. axb4 axb4 44. Rxb3 Qxb3 45. Ra7 Ra8 46. Qf2 Qd1+ 47. Kh2 Qe2 48.
Qxe2 Bxe2 0-1

[Event "TCh-CHN Division A 2014"]
[Site "Jiangmen CHN"]
[Date "2014.12.08"]
[Round "21.3"]
[Board "3"]
[White "Malakhov, Vladimir"]
[Black "Zhao, Jun"]
[Result "1/2-1/2"]
[WhiteTitle "GM"]
[BlackTitle "GM"]
[WhiteElo "2708"]
[BlackElo "2578"]
[WhiteTeam "Tianjing"]
[BlackTeam "Shandong"]
[WhiteFideId "4120787"]
[BlackFideId "8602522"]
[EventDate "2014.04.12"]

1. Nf3 Nf6 2. g3 b6 3. Bg2 Bb7 4. O-O e6 5. c4 Be7 6. b3 O-O 7. Bb2 c5 8. Nc3 d5
9. e3 Ne4 10. Ne2 Bf6 11. Qc2 Nc6 12. Bxf6 Nxf6 13. d4 cxd4 14. Nexd4 dxc4 15.
Qxc4 Nxd4 16. Nxd4 Rc8 17. Qe2 Bxg2 18. Kxg2 Qd5+ 19. Qf3 Rc7 20. Rac1 Rfc8 21.
Rxc7 Rxc7 22. Rd1 Kf8 23. Qxd5 Nxd5 24. Rd2 a6 25. e4 Nc3 26. Kf3 Ke7 27. Ke3
Nb5 28. Nxb5 axb5 29. e5 Rc6 30. h4 f6 31. exf6+ gxf6 32. g4 Rc3+ 33. Rd3 Rc2
34. a3 Ra2 35. b4 Rc2 36. g5 e5 37. Rd5 Ke6 38. Rxb5 fxg5 39. Ke4 Re2+ 40. Kf3
Ra2 41. Kg4 gxh4 42. Rxb6+ Kd5 43. Kxh4 Rxf2 44. Rb8 e4 45. b5 e3 46. Re8 Kd4
47. Kg3 Rb2 48. Kf3 Rf2+ 49. Kg3 Ra2 50. b6 Rb2 51. Rb8 Kc5 52. b7 Kc6 53. Re8
Kxb7 54. Rxe3 Kc6 1/2-1/2